[Event "FRA-chT4 0304"]
[White "Charles, Philippe"]
[Black "Picard, Serge"]
[Site "Champagne Ardenne"]
[Round "6"]
[Result "1-0"]
[Date "2004.03.14"]
[WhiteElo "2140"]
[BlackElo "2273"]
[PlyCount "105"]
[EventDate "2003.10.??"]
[EventRounds "6"]
[EventCountry "FRA"]
[SourceTitle "EXT 2005"]
[Source "ChessBase"]
[SourceDate "2004.11.15"]
[SourceVersion "1"]
[SourceVersionDate "2004.11.15"]
[SourceQuality "1"]

1. e4 e5 2. Nf3 Nc6 3. Bb5 a6 4. Ba4 Nf6 5. 0-0 Nxe4 6. d4 b5 7. Bb3 d5 8. dxe5 Be6 9. Qe2 Bc5 10. Be3 0-0 11. c3 Bxe3 12. Qxe3 Ne7 13. Nd4 c5 14. Nxe6 fxe6 15. f3 Nf5 16. Qe2 Nfg3 17. hxg3 Nxg3 18. Qd1 Qh4 19. Nd2 Rf4 20. a4 Raf8 21. Re1 Qh1+ 22. Kf2 Qh4 23. Kg1 Qh1+ 24. Kf2 Qh4 25. Re2 Nxe2+ 26. Kxe2 Qg5 27. Kf2 Qxe5 28. axb5 axb5 29. Qe2 Re4 30. Nxe4 dxe4 31. Kg1 c4 32. Bc2 Qc5+ 33. Qf2 e3 34. Qe2 Rd8 35. Rd1 Rd5 36. g4 g6 37. Kf1 Kf7 38. Qh2 h5 39. Qf4+ Kg7 40. g5 Rxg5 41. Rd7+ Kh6 42. Ke2 e5 43. Rh7+ Kxh7 44. Qxg5 Qd6 45. Kxe3 Kg7 46. Ke4 Qc6+ 47. Kxe5 Qc5+ 48. Kf4 Qb6 49. Qe7+ Kg8 50. Kg5 Qg1+ 51. Kh6 Qc1+ 52. f4 Qxf4+ 53. Kxg6 1-0

[Event "FRA-chT4 0304"]
[White "Vandenbussche, Thibaut"]
[Black "Charles, Philippe"]
[Site "Champagne Ardenne"]
[Round "3"]
[Result "1-0"]
[Date "2003.12.07"]
[WhiteElo "2062"]
[BlackElo "2140"]
[PlyCount "57"]
[EventDate "2003.10.??"]
[EventRounds "6"]
[EventCountry "FRA"]
[SourceTitle "EXT 2005"]
[Source "ChessBase"]
[SourceDate "2004.11.15"]
[SourceVersion "1"]
[SourceVersionDate "2004.11.15"]
[SourceQuality "1"]

1. e4 c5 2. Nf3 d6 3. d4 cxd4 4. Nxd4 Nf6 5. Nc3 Nc6 6. Bg5 Qa5 7. Bb5 Bd7 8. Bxf6 gxf6 9. 0-0 a6 10. Nb3 Qd8 11. Be2 f5 12. Re1 Rg8 13. exf5 Bxf5 14. Nd5 e6 15. Nd4 Be4 16. Nf4 Qg5 17. Ndxe6 fxe6 18. Bh5+ Bg6 19. Nxe6 Qh4 20. Bxg6+ Rxg6 21. Nc7+ Kd7 22. Nxa8 Qb4 23. Qe2 Be7 24. Qe3 Qg4 25. g3 h5 26. Nb6+ Kd8 27. Nd5 Rg7 28. Qb6+ Ke8 29. Nf6+ 1-0